000 00881nas a2200301 4500
001 BR2011004060
003 BR-BrBNA
005 20231205115509.0
007 ta
008 230509b bl.|||p| |||| 00| 00por d
040 _aBR-BrBNA
_bpor
_cBiblioteca Nacional de Agricultura
041 _a(Pt)
072 _aC30; Q04
100 1 _aMendes, C. de G.
100 1 _aSilva, J.B.A. da
100 1 _aMesquita, L.X. de
100 1 _aMaracajá, P.B.
245 1 _aAs análises de mel: revisão
246 1 _aThe analysis of meis: rewiew
650 _aMEL
650 _aABELHA
650 _aMICROBIOLOGIA DE ALIMENTO
650 _aANÁLISE QUÍMICA
650 _aPROPRIEDADE FÍSICO-QUÍMICA
773 0 _tRevista Caatinga (Brazil)
_xISSN 0100-316X
_g(Apr-Jun 2009), v. 22(2) p. 229-236
_wBR2011004060
909 _a202311
_bLúcia
_c55
_dLúcia Elande
942 _2AGRIS
_n0
_cANA
999 _c214111
_d214111